[Event "California State-ch"]
[Site "San Jose"]
[Date "2006.05.21"]
[Round "6"]
[White "Yee, Spencer"]
[Black "Hsu, Kevin"]
[Result "1-0"]
[WhiteElo "1154"]
[BlackElo "970"]
[PlyCount "45"]
[EventDate "2006.04.20"]
[EventType "swiss"]
[EventRounds "6"]
[EventCountry "USA"]
[SourceTitle "EXT 2009"]
[Source "ChessBase"]
[SourceDate "2008.11.26"]
[SourceVersion "1"]
[SourceVersionDate "2008.11.26"]
[SourceQuality "1"]

1. e4 e5 2. d4 Nc6 3. Nf3 Nf6 4. Nc3 Bb4 5. Bg5 d6 6. dxe5 dxe5 7. Qxd8+ Kxd8 8. Bb5 Nd4 9. Rd1 c5 10. 0-0 Ke7 11. Nd5+ Ke6 12. Nxd4+ exd4 13. Nc7+ Ke5 14. Nxa8 Ba5 15. g3 Bh3 16. Bf4+ Ke6 17. Nc7+ Bxc7 18. Bxc7 Bxf1 19. Kxf1 Nxe4 20. Re1 Kd5 21. f3 Nd2+ 22. Kf2 a6 23. Re5# 1-0